000
00310nam a2200133Ia 4500
100
_a
Anderson.Jonathan
650
_a
General
942
_c
BK
654
_a
Assignment Writing
245
_a
Thesis & Assignment Writing
260
_b
WILEY EASTERN LIMITED
_a
NewDelhi
_c
1971
300
_a
135
546
_a
ENGLISH
999
_c
20155
_d
20155